5HLuxD.jpg

KING HENRY VIII SENIOR AND PRIMARY SCHOOL LIBRARY OPAC

The Book of Stolen Dreams : (Record no. 6019)

000 -LEADER
fixed length control field 01314nam a22002417a 4500
003 - CONTROL NUMBER IDENTIFIER
control field OSt
005 - DATE AND TIME OF LATEST TRANSACTION
control field 20260127090644.0
008 - FIXED-LENGTH DATA ELEMENTS--GENERAL INFORMATION
fixed length control field 260127b ||||| |||| 00| 0 eng d
020 ## - INTERNATIONAL STANDARD BOOK NUMBER
International Standard Book Number 9781836042372
040 ## - CATALOGING SOURCE
Transcribing agency KH8
082 ## - DEWEY DECIMAL CLASSIFICATION NUMBER
Classification number FIC FAR
100 ## - MAIN ENTRY--PERSONAL NAME
Personal name Farr, David,
Relator term author.
245 ## - TITLE STATEMENT
Title The Book of Stolen Dreams :
Remainder of title The Final Battle /
Statement of responsibility, etc. David Farr.
260 ## - PUBLICATION, DISTRIBUTION, ETC.
Place of publication, distribution, etc. England ;
Name of publisher, distributor, etc. Usborne Publishing Limited ,
Date of publication, distribution, etc. 2025.
300 ## - PHYSICAL DESCRIPTION
Extent 339 pages :
Other physical details illustrations ;
Dimensions 20 cm.
490 ## - SERIES STATEMENT
Series statement The Book of Stolen Dreams
520 ## - SUMMARY, ETC.
Summary, etc. After saving the world more times than she can count, things are finally starting to feel normal for Rachel Klein. But life is never normal for a Keeper of the Key...<br/><br/>When a famous movie-star returns alive and well to Krasnia after weeks lost in the desert, everyone is thrilled! Everyone, except Rachel. Something about the actor doesn't feel quite right. Then Rachel realises the horrifying truth.<br/><br/>With both their own lives and the fate of Krasnia at stake, Rachel and her brother Robert must return to the Hinterland, expose the truth and put an end to tyrant Charles Malstain's evil plans once and for all.
650 ## - SUBJECT ADDED ENTRY--TOPICAL TERM
Topical term or geographic name entry element Fantasy
Form subdivision Fiction
650 ## - SUBJECT ADDED ENTRY--TOPICAL TERM
Topical term or geographic name entry element Adventure
Form subdivision Fiction
700 ## - ADDED ENTRY--PERSONAL NAME
Personal name Kister, Kristina,
Relator term illustrator.
830 ## - SERIES ADDED ENTRY--UNIFORM TITLE
Uniform title The Book of Stolen Dreams
942 ## - ADDED ENTRY ELEMENTS (KOHA)
Source of classification or shelving scheme
Koha item type Books - Fiction
Holdings
Withdrawn status Lost status Source of classification or shelving scheme Damaged status Not for loan Collection code Permanent Location Current Location Shelving location Date acquired Full call number Barcode Date last seen Price effective from Koha item type
          Fiction KH8 Senior School Library KH8 Senior School Library Fiction 2026-01-27 FIC FAR 3KHSL000102586 2026-01-27 2026-01-27 Books - Fiction

Powered By KH8 IT Dept